{"text_format":"3","workbook":"xlsx","n_sheets":1,"sheets":["t554"],"read":"whole","date_system":"1900"}

{"sheet":"t554","index":0,"n_rows":204,"n_cols":7,"rows_kept":204,"merged":[[0,0,0,6],[30,0,30,5],[48,0,48,5],[159,0,159,5]]}
["TABELA 554.1 - Estatísticas Agrícolas, Município de São Manuel, Estado de São Paulo, 2007/08."]
["ITEM","UNIDADE","N.DE UPAs","MÍNIMO","MÉDIO","MÁXIMO","TOTAL"]
["Distância à sede do município","km",426,{"v":1,"d":"1.0"},{"v":9.64,"d":"9.6"},{"v":35,"d":"35.0"},"-"]
["Área total","hectare",426,0.4,{"v":124.08,"d":"124.1"},{"v":4600,"d":"4,600.0"},{"v":52857.6,"d":"52,857.6"}]
["Área com cultura perene","hectare",169,0.2,{"v":20.41,"d":"20.4"},969.9,{"v":3448.7,"d":"3,448.7"}]
["Área com cultura temporária","hectare",193,0.1,{"v":168.93,"d":"168.9"},{"v":4214.4,"d":"4,214.4"},{"v":32604.2,"d":"32,604.2"}]
["Área com pastagem","hectare",285,0.2,{"v":28.08,"d":"28.1"},{"v":377,"d":"377.0"},{"v":8002.6,"d":"8,002.6"}]
["Área com reflorestamento","hectare",74,0.5,{"v":36.32,"d":"36.3"},{"v":1625.8,"d":"1,625.8"},{"v":2687.5,"d":"2,687.5"}]
["Área com vegetação natural","hectare",219,0.1,{"v":20.63,"d":"20.6"},451.7,{"v":4518,"d":"4,518.0"}]
["Área com vegetação de brejo e várzea","hectare",19,0.1,{"v":8.19,"d":"8.2"},{"v":45,"d":"45.0"},155.6]
["Área em descanso","hectare",16,0.2,{"v":12.27,"d":"12.3"},{"v":71,"d":"71.0"},196.3]
["Área complementar","hectare",345,0.1,{"v":3.61,"d":"3.6"},{"v":231,"d":"231.0"},{"v":1244.7,"d":"1,244.7"}]
["Área das UPAs com (0, 1] ha","hectare",3,0.4,{"v":0.73,"d":"0.7"},{"v":1,"d":"1.0"},2.2]
["Área das UPAs com (1, 2] ha","hectare",7,1.2,{"v":1.63,"d":"1.6"},{"v":2,"d":"2.0"},11.4]
["Área das UPAs com (2, 5] ha","hectare",67,2.2,{"v":3.65,"d":"3.7"},{"v":5,"d":"5.0"},244.8]
["Área das UPAs com (5, 10] ha","hectare",68,5.2,{"v":7.53,"d":"7.5"},9.9,511.9]
["Área das UPAs com (10, 20] ha","hectare",63,10.5,{"v":14.79,"d":"14.8"},19.9,{"v":932,"d":"932.0"}]
["Área das UPAs com (20, 50] ha","hectare",75,{"v":21,"d":"21.0"},{"v":31.69,"d":"31.7"},48.7,{"v":2376.8,"d":"2,376.8"}]
["Área das UPAs com (50, 100] ha","hectare",49,53.2,{"v":74.44,"d":"74.4"},{"v":100,"d":"100.0"},{"v":3647.6,"d":"3,647.6"}]
["Área das UPAs com (100, 200] ha","hectare",34,103.7,{"v":145.48,"d":"145.5"},197.7,{"v":4946.4,"d":"4,946.4"}]
["Área das UPAs com (200, 500] ha","hectare",34,200.8,{"v":308.35,"d":"308.4"},494.7,{"v":10483.8,"d":"10,483.8"}]
["Área das UPAs com (500, 1.000] ha","hectare",17,529.2,{"v":716.52,"d":"716.5"},976.9,{"v":12180.8,"d":"12,180.8"}]
["Área das UPAs com (1.000, 2.000] ha","hectare",5,{"v":1061.4,"d":"1,061.4"},{"v":1241.02,"d":"1,241.0"},{"v":1395,"d":"1,395.0"},{"v":6205.1,"d":"6,205.1"}]
["Área das UPAs com (2.000, 5.000] ha","hectare",4,{"v":2193,"d":"2,193.0"},{"v":2828.7,"d":"2,828.7"},{"v":4600,"d":"4,600.0"},{"v":11314.8,"d":"11,314.8"}]
["Área das UPAs com (5.000, 10.000] ha","hectare","-","-","-","-","-"]
["Área das UPAs acima de 10.000 ha","hectare","-","-","-","-","-"]
["Familiares do proprietário que trabalham na UPA","unidade",124,{"v":1,"d":"1.0"},{"v":1.28,"d":"1.3"},{"v":3,"d":"3.0"},{"v":159,"d":"159.0"}]
["Trabalhadores permanentes","unidade",232,{"v":1,"d":"1.0"},9.3,{"v":1560,"d":"1,560.0"},{"v":2158,"d":"2,158.0"}]
["Fonte: Secretaria de Agricultura e Abastecimento, CDRS/IEA, Projeto LUPA."]
[]
["TABELA 554.2 - Explorações Animais, Município de São Manuel, Estado de São Paulo, 2007/08."]
["ITEM","UNIDADE","N.DE UPAs","MÍNIMO","MÉDIO","MÁXIMO","TOTAL"]
["Asininos E Muares","cabeças",34,{"v":1,"d":"1.0"},{"v":1.74,"d":"1.7"},{"v":10,"d":"10.0"},{"v":59,"d":"59.0"}]
["Avicultura de Corte","cabeças/ano",10,{"v":19,"d":"19.0"},{"v":121433.9,"d":"121,433.9"},{"v":420000,"d":"420,000.0"},{"v":1214339,"d":"1,214,339.0"}]
["Avicultura para Ovos","cabeças",2,{"v":250000,"d":"250,000.0"},{"v":260000,"d":"260,000.0"},{"v":270000,"d":"270,000.0"},{"v":520000,"d":"520,000.0"}]
["Bovinocultura de Corte","cabeças",34,{"v":5,"d":"5.0"},{"v":100.56,"d":"100.6"},{"v":728,"d":"728.0"},{"v":3419,"d":"3,419.0"}]
["Bovinocultura Leiteira","cabeças",8,{"v":3,"d":"3.0"},{"v":48.38,"d":"48.4"},{"v":220,"d":"220.0"},{"v":387,"d":"387.0"}]
["Bovinocultura Mista","cabeças",115,{"v":2,"d":"2.0"},{"v":38.58,"d":"38.6"},{"v":620,"d":"620.0"},{"v":4437,"d":"4,437.0"}]
["Bubalinocultura","cabeças",2,{"v":32,"d":"32.0"},37.5,{"v":43,"d":"43.0"},{"v":75,"d":"75.0"}]
["Caprinocultura","cabeças",9,{"v":3,"d":"3.0"},{"v":20.22,"d":"20.2"},{"v":76,"d":"76.0"},{"v":182,"d":"182.0"}]
["Carcinocultura","pós-larvas",1,{"v":4,"d":"4.0"},{"v":4,"d":"4.0"},{"v":4,"d":"4.0"},{"v":4,"d":"4.0"}]
["Cunicultura","cabeças",2,{"v":18,"d":"18.0"},{"v":19,"d":"19.0"},{"v":20,"d":"20.0"},{"v":38,"d":"38.0"}]
["Equinocultura","cabeças",115,{"v":1,"d":"1.0"},{"v":3.55,"d":"3.6"},{"v":32,"d":"32.0"},{"v":408,"d":"408.0"}]
["Ovinocultura","cabeças",29,{"v":1,"d":"1.0"},{"v":92.62,"d":"92.6"},{"v":700,"d":"700.0"},{"v":2686,"d":"2,686.0"}]
["Piscicultura","m² tanques",1,{"v":30000,"d":"30,000.0"},{"v":30000,"d":"30,000.0"},{"v":30000,"d":"30,000.0"},{"v":30000,"d":"30,000.0"}]
["Suinocultura","cabeças",23,{"v":1,"d":"1.0"},{"v":187.17,"d":"187.2"},{"v":2000,"d":"2,000.0"},{"v":4305,"d":"4,305.0"}]
["Fonte: Secretaria de Agricultura e Abastecimento, CDRS/IEA, Projeto LUPA."]
[]
["TABELA 554.3 -  Máquinas, Implementos e Benfeitorias, Município de São Manuel, Estado de São Paulo, 2007/08."]
["ITEM","UNIDADE","N.DE UPAs","MÍNIMO","MÉDIO","MÁXIMO","TOTAL"]
["Arado Comum (Bacia, Aiveca)","Unidade",63,{"v":1,"d":"1.0"},{"v":1.25,"d":"1.3"},{"v":12,"d":"12.0"},{"v":79,"d":"79.0"}]
["Arado Escarificador","Unidade",35,{"v":1,"d":"1.0"},{"v":1.49,"d":"1.5"},{"v":15,"d":"15.0"},{"v":52,"d":"52.0"}]
["Arado Subsolador","Unidade",8,{"v":1,"d":"1.0"},{"v":1,"d":"1.0"},{"v":1,"d":"1.0"},{"v":8,"d":"8.0"}]
["Batedeira de Cereais","Unidade",2,{"v":1,"d":"1.0"},{"v":1,"d":"1.0"},{"v":1,"d":"1.0"},{"v":2,"d":"2.0"}]
["Câmara Fria","Unidade",3,{"v":1,"d":"1.0"},{"v":1.67,"d":"1.7"},{"v":2,"d":"2.0"},{"v":5,"d":"5.0"}]
["Carregadeira de Cana","Unidade",3,{"v":1,"d":"1.0"},{"v":20.67,"d":"20.7"},{"v":60,"d":"60.0"},{"v":62,"d":"62.0"}]
["Colhedeira Acoplada","Unidade",5,{"v":1,"d":"1.0"},{"v":1,"d":"1.0"},{"v":1,"d":"1.0"},{"v":5,"d":"5.0"}]
["Colhedeira Automotriz","Unidade",1,{"v":9,"d":"9.0"},{"v":9,"d":"9.0"},{"v":9,"d":"9.0"},{"v":9,"d":"9.0"}]
["Computador","Unidade",2,{"v":1,"d":"1.0"},{"v":1,"d":"1.0"},{"v":1,"d":"1.0"},{"v":2,"d":"2.0"}]
["Conj.Irrigação Autopropelido","Unidade",2,{"v":1,"d":"1.0"},{"v":1,"d":"1.0"},{"v":1,"d":"1.0"},{"v":2,"d":"2.0"}]
["Conj.Irrigação Convencional","Unidade",6,{"v":1,"d":"1.0"},{"v":3.83,"d":"3.8"},{"v":18,"d":"18.0"},{"v":23,"d":"23.0"}]
["Conj.Irrigação Pivot Central","Unidade",1,{"v":1,"d":"1.0"},{"v":1,"d":"1.0"},{"v":1,"d":"1.0"},{"v":1,"d":"1.0"}]
["Conj.Irrigação/Gotejamento/Microaspersão","Unidade",7,{"v":1,"d":"1.0"},{"v":1.29,"d":"1.3"},{"v":3,"d":"3.0"},{"v":9,"d":"9.0"}]
["Conjunto de Fenação","Unidade",4,{"v":1,"d":"1.0"},{"v":1,"d":"1.0"},{"v":1,"d":"1.0"},{"v":4,"d":"4.0"}]
["Desintegrador de Palha (Plantio Direto)","Unidade",9,{"v":1,"d":"1.0"},{"v":1.56,"d":"1.6"},{"v":5,"d":"5.0"},{"v":14,"d":"14.0"}]
["Desintegrador, Picador, Triturador","Unidade",121,{"v":1,"d":"1.0"},{"v":1.07,"d":"1.1"},{"v":2,"d":"2.0"},{"v":130,"d":"130.0"}]
["Distribuidor de Calcário","Unidade",39,{"v":1,"d":"1.0"},{"v":1.46,"d":"1.5"},{"v":12,"d":"12.0"},{"v":57,"d":"57.0"}]
["Ensiladeira","Unidade",4,{"v":1,"d":"1.0"},{"v":1,"d":"1.0"},{"v":1,"d":"1.0"},{"v":4,"d":"4.0"}]
["Grade Aradora (Tipo Romi)","Unidade",25,{"v":1,"d":"1.0"},{"v":1.68,"d":"1.7"},{"v":15,"d":"15.0"},{"v":42,"d":"42.0"}]
["Grade Niveladora","Unidade",72,{"v":1,"d":"1.0"},{"v":1.32,"d":"1.3"},{"v":15,"d":"15.0"},{"v":95,"d":"95.0"}]
["Implementos para Tração Animal","Unidade",14,{"v":1,"d":"1.0"},{"v":2.43,"d":"2.4"},{"v":10,"d":"10.0"},{"v":34,"d":"34.0"}]
["Microtrator","Unidade",17,{"v":1,"d":"1.0"},{"v":1.18,"d":"1.2"},{"v":4,"d":"4.0"},{"v":20,"d":"20.0"}]
["Misturador de Ração","Unidade",7,{"v":1,"d":"1.0"},{"v":1,"d":"1.0"},{"v":1,"d":"1.0"},{"v":7,"d":"7.0"}]
["Ordenhadeira Mecânica","Unidade",4,{"v":1,"d":"1.0"},{"v":1,"d":"1.0"},{"v":1,"d":"1.0"},{"v":4,"d":"4.0"}]
["Pulverizador Tratorizado","Unidade",52,{"v":1,"d":"1.0"},{"v":2.04,"d":"2.0"},{"v":30,"d":"30.0"},{"v":106,"d":"106.0"}]
["Resfriador de Leite, Tanque Expansão","Unidade",3,{"v":1,"d":"1.0"},{"v":1,"d":"1.0"},{"v":1,"d":"1.0"},{"v":3,"d":"3.0"}]
["Semeadeira/Adubadeira para Plantio Convencional","Unidade",14,{"v":1,"d":"1.0"},1.5,{"v":8,"d":"8.0"},{"v":21,"d":"21.0"}]
["Semeadeira/Plantadeira Plantio Direto","Unidade",9,{"v":1,"d":"1.0"},{"v":1,"d":"1.0"},{"v":1,"d":"1.0"},{"v":9,"d":"9.0"}]
["Terraceador","Unidade",2,{"v":1,"d":"1.0"},4.5,{"v":8,"d":"8.0"},{"v":9,"d":"9.0"}]
["Trator de Esteiras","Unidade",2,{"v":1,"d":"1.0"},{"v":6,"d":"6.0"},{"v":11,"d":"11.0"},{"v":12,"d":"12.0"}]
["Trator de Pneus","Unidade",124,{"v":1,"d":"1.0"},2.6,{"v":120,"d":"120.0"},{"v":323,"d":"323.0"}]
["Açude/Represa","Unidade",93,{"v":1,"d":"1.0"},{"v":1.89,"d":"1.9"},{"v":21,"d":"21.0"},{"v":176,"d":"176.0"}]
["Alambique","Unidade",1,{"v":1,"d":"1.0"},{"v":1,"d":"1.0"},{"v":1,"d":"1.0"},{"v":1,"d":"1.0"}]
["Almoxarifado/Oficina","Unidade",56,{"v":1,"d":"1.0"},1.2,{"v":3,"d":"3.0"},{"v":67,"d":"67.0"}]
["Armazém para Grãos Ensacados","Sacas",15,{"v":1,"d":"1.0"},{"v":5333.87,"d":"5,333.9"},{"v":30000,"d":"30,000.0"},{"v":80008,"d":"80,008.0"}]
["Balança para Bovinos","Unidade",14,{"v":1,"d":"1.0"},{"v":1.07,"d":"1.1"},{"v":2,"d":"2.0"},{"v":15,"d":"15.0"}]
["Balança para Veículos","Unidade",2,{"v":1,"d":"1.0"},2.5,{"v":4,"d":"4.0"},{"v":5,"d":"5.0"}]
["Barracão para Granja/Avicultura","Unidade",19,{"v":1,"d":"1.0"},{"v":3.89,"d":"3.9"},{"v":32,"d":"32.0"},{"v":74,"d":"74.0"}]
["Barracão/Galpão/Garagem","Unidade",133,{"v":1,"d":"1.0"},{"v":1.34,"d":"1.3"},{"v":16,"d":"16.0"},{"v":178,"d":"178.0"}]
["Casa de Moradia Habitada","Unidade",293,{"v":1,"d":"1.0"},{"v":2.29,"d":"2.3"},{"v":63,"d":"63.0"},{"v":670,"d":"670.0"}]
["Casa de Moradia Total","Unidade",314,{"v":1,"d":"1.0"},{"v":3.59,"d":"3.6"},{"v":63,"d":"63.0"},{"v":1127,"d":"1,127.0"}]
["Curral/Mangueira","Unidade",165,{"v":1,"d":"1.0"},{"v":1.05,"d":"1.1"},{"v":3,"d":"3.0"},{"v":174,"d":"174.0"}]
["Depósito/Tulha","Unidade",172,{"v":1,"d":"1.0"},{"v":1.17,"d":"1.2"},{"v":8,"d":"8.0"},{"v":202,"d":"202.0"}]
["Engenho","Unidade",1,{"v":1,"d":"1.0"},{"v":1,"d":"1.0"},{"v":1,"d":"1.0"},{"v":1,"d":"1.0"}]
["Estábulo","Unidade",61,{"v":1,"d":"1.0"},{"v":1.05,"d":"1.1"},{"v":2,"d":"2.0"},{"v":64,"d":"64.0"}]
["Estufa/Plasticultura","m²",9,{"v":1,"d":"1.0"},{"v":3761.22,"d":"3,761.2"},{"v":22000,"d":"22,000.0"},{"v":33851,"d":"33,851.0"}]
["Fábrica de Ração","Unidade",7,{"v":1,"d":"1.0"},{"v":1,"d":"1.0"},{"v":1,"d":"1.0"},{"v":7,"d":"7.0"}]
["Instalações para Equinos","Unidade",28,{"v":1,"d":"1.0"},{"v":3.86,"d":"3.9"},{"v":48,"d":"48.0"},{"v":108,"d":"108.0"}]
["Máquina de Benefício","Unidade",22,{"v":1,"d":"1.0"},{"v":1.14,"d":"1.1"},{"v":4,"d":"4.0"},{"v":25,"d":"25.0"}]
["Packing House","Unidade",3,{"v":1,"d":"1.0"},{"v":1,"d":"1.0"},{"v":1,"d":"1.0"},{"v":3,"d":"3.0"}]
["Pocilga","Unidade",44,{"v":1,"d":"1.0"},{"v":1.34,"d":"1.3"},{"v":9,"d":"9.0"},{"v":59,"d":"59.0"}]
["Poço Semi-Artesiano","Unidade",33,{"v":1,"d":"1.0"},{"v":1.09,"d":"1.1"},{"v":3,"d":"3.0"},{"v":36,"d":"36.0"}]
["Posto Meteorológico","Unidade",3,{"v":1,"d":"1.0"},{"v":1.33,"d":"1.3"},{"v":2,"d":"2.0"},{"v":4,"d":"4.0"}]
["Secador de Grãos","Unidade",23,{"v":1,"d":"1.0"},{"v":1.43,"d":"1.4"},{"v":4,"d":"4.0"},{"v":33,"d":"33.0"}]
["Silo para Grãos","t",3,{"v":6,"d":"6.0"},{"v":302,"d":"302.0"},{"v":600,"d":"600.0"},{"v":906,"d":"906.0"}]
["Silo para Silagem","t",6,{"v":3,"d":"3.0"},{"v":172,"d":"172.0"},{"v":800,"d":"800.0"},{"v":1032,"d":"1,032.0"}]
["Terreiro","m²",163,{"v":1,"d":"1.0"},{"v":1126.14,"d":"1,126.1"},{"v":25000,"d":"25,000.0"},{"v":183561,"d":"183,561.0"}]
["Usina de Açúcar/destilaria","Unidade",1,{"v":1,"d":"1.0"},{"v":1,"d":"1.0"},{"v":1,"d":"1.0"},{"v":1,"d":"1.0"}]
["Fonte: Secretaria de Agricultura e Abastecimento, CDRS/IEA, Projeto LUPA."]
[]
["TABELA 554.4 - Outras Estatísticas Agrícolas, Município de São Manuel, Estado de São Paulo, 2007/08."]
["ITEM","Número de UPAs",null,"Percentual"]
["Faz Parte de Associação de Produtores",14,null,{"v":3.286384976525822,"d":"3.3"}]
["Faz Parte de Cooperativa de Produtores",63,null,{"v":14.788732394366198,"d":"14.8"}]
["Faz Parte do Sindicato de Produtores",56,null,{"v":13.145539906103286,"d":"13.1"}]
["Não utiliza assistência técnica ",146,null,{"v":34.27230046948357,"d":"34.3"}]
["Utiliza somente assistência técnica governamental ",72,null,{"v":16.901408450704224,"d":"16.9"}]
["Utiliza somente assistência técnica privada ",73,null,{"v":17.136150234741784,"d":"17.1"}]
["Utiliza assistência técnica tanto governamental quanto privada",135,null,{"v":31.690140845070424,"d":"31.7"}]
["Utiliza Crédito Rural",65,null,{"v":15.258215962441314,"d":"15.3"}]
["Utiliza Seguro Rural",13,null,{"v":3.051643192488263,"d":"3.1"}]
["Utiliza Escrituração Agrícola",96,null,{"v":22.535211267605636,"d":"22.5"}]
["Acessa Internet p/ Fins na Agropecuária",23,null,{"v":5.39906103286385,"d":"5.4"}]
["Utiliza Computador nas Atividades Agropecuárias",26,null,{"v":6.103286384976526,"d":"6.1"}]
["Utiliza Energia Elétrica Para Uso na Atividade Agrícola",323,null,{"v":75.82159624413146,"d":"75.8"}]
["Realiza Análise de Solo, quando necessário",228,null,{"v":53.52112676056338,"d":"53.5"}]
["Utiliza Práticas de Conservação de Solo, quando necessário",294,null,{"v":69.01408450704226,"d":"69.0"}]
["Faz Adubação Mineral, quando necessário",309,null,{"v":72.53521126760563,"d":"72.5"}]
["Faz Adubação Orgânica, quando necessário",251,null,{"v":58.920187793427225,"d":"58.9"}]
["Faz Adubação Verde, quando necessário",36,null,{"v":8.450704225352112,"d":"8.5"}]
["Utiliza Manejo Integrado de Pragas (MIP)",2,null,{"v":0.46948356807511743,"d":"0.5"}]
["Utiliza Hidroponia",1,null,{"v":0.23474178403755872,"d":"0.2"}]
["Utiliza Plasticultura",2,null,{"v":0.46948356807511743,"d":"0.5"}]
["Utiliza Mudas Fiscalizadas",91,null,{"v":21.36150234741784,"d":"21.4"}]
["Utiliza Semente Melhorada",44,null,{"v":10.328638497652582,"d":"10.3"}]
["Faz Confinamento de Bovinos",7,null,{"v":1.643192488262911,"d":"1.6"}]
["Utiliza Pastejo Intensivo",21,null,{"v":4.929577464788733,"d":"4.9"}]
["Faz Inseminação Artificial",6,null,{"v":1.4084507042253522,"d":"1.4"}]
["Faz Mineralização do Rebanho",159,null,{"v":37.32394366197183,"d":"37.3"}]
["Faz Vermifugação do Rebanho",162,null,{"v":38.028169014084504,"d":"38.0"}]
["Possui Parceiros /Arrendatários na Exploração Animal",10,null,{"v":2.347417840375587,"d":"2.3"}]
["Esporte e lazer","-",null,"-"]
["Extração mineral","-",null,"-"]
["Hotel Fazenda, Pousada ou SPA",1,null,{"v":0.23474178403755872,"d":"0.2"}]
["Pesque-pague","-",null,"-"]
["Restaurante ou Lanchonete","-",null,"-"]
["Transformação artesanal",1,null,{"v":0.23474178403755872,"d":"0.2"}]
["Turismo rural ou ecoturismo","-",null,"-"]
["Outras atividades econômicas rurais",4,null,{"v":0.9389671361502349,"d":"0.9"}]
["Agroindústria","-",null,"-"]
["Proprietário sem instrução ou com instrução incompleta",2,null,{"v":0.46948356807511743,"d":"0.5"}]
["Proprietário com antigo primário completo",60,null,{"v":14.084507042253522,"d":"14.1"}]
["Proprietário com 1° grau (ou antigo ginasial) completo",69,null,{"v":16.197183098591548,"d":"16.2"}]
["Proprietário com 2° grau (ou antigo colegial) completo",95,null,{"v":22.300469483568072,"d":"22.3"}]
["Proprietário com curso superior completo ",154,null,{"v":36.15023474178404,"d":"36.2"}]
["Pessoa Jurídica",46,null,{"v":10.7981220657277,"d":"10.8"}]
["Proprietário residente na própria UPA ",76,null,{"v":17.84037558685446,"d":"17.8"}]
["Fonte: Secretaria de Agricultura e Abastecimento, CDRS/IEA, Projeto LUPA."]
[]
["TABELA 554.5 - Área Cultivada, Município de São Manuel, Estado de São Paulo, 2007/08."]
["CULTURA","N.DE UPAs","MÍNIMO","MÉDIO","MÁXIMO","TOTAL"]
["Cana-de-acucar",165,0.1,{"v":196.65,"d":"196.7"},{"v":4214.4,"d":"4,214.4"},{"v":32447.5,"d":"32,447.5"}]
["Braquiaria",278,0.2,{"v":28.29,"d":"28.3"},{"v":377,"d":"377.0"},{"v":7865.1,"d":"7,865.1"}]
["Eucalipto",73,0.5,{"v":36.73,"d":"36.7"},{"v":1625.8,"d":"1,625.8"},{"v":2681,"d":"2,681.0"}]
["Laranja",9,1.5,{"v":198.63,"d":"198.6"},969.9,{"v":1787.7,"d":"1,787.7"}]
["Cafe",148,0.3,{"v":10.45,"d":"10.5"},{"v":85,"d":"85.0"},{"v":1546.9,"d":"1,546.9"}]
["Outras gramineas para pastagem",6,0.8,{"v":17.48,"d":"17.5"},{"v":40,"d":"40.0"},104.9]
["Milho",16,0.5,{"v":5.12,"d":"5.1"},{"v":40,"d":"40.0"},81.9]
["Coco-da-baia",1,{"v":57,"d":"57.0"},{"v":57,"d":"57.0"},{"v":57,"d":"57.0"},{"v":57,"d":"57.0"}]
["Crotalaria",1,{"v":46,"d":"46.0"},{"v":46,"d":"46.0"},{"v":46,"d":"46.0"},{"v":46,"d":"46.0"}]
["Lichia",2,4.5,{"v":17.25,"d":"17.3"},{"v":30,"d":"30.0"},34.5]
["Gramas",2,1.5,{"v":12.25,"d":"12.3"},{"v":23,"d":"23.0"},24.5]
["Outras olericolas",2,0.1,{"v":7.55,"d":"7.6"},{"v":15,"d":"15.0"},15.1]
["Viveiro de flores e ornamentais",1,{"v":10,"d":"10.0"},{"v":10,"d":"10.0"},{"v":10,"d":"10.0"},{"v":10,"d":"10.0"}]
["Pomar domestico",14,0.1,{"v":0.59,"d":"0.6"},1.5,8.3]
["Seringueira",1,{"v":8,"d":"8.0"},{"v":8,"d":"8.0"},{"v":8,"d":"8.0"},{"v":8,"d":"8.0"}]
["Capim-napier (ou capim-elefante)",5,0.3,{"v":1.56,"d":"1.6"},3.5,7.8]
["Pinus",3,0.5,{"v":2.17,"d":"2.2"},{"v":5,"d":"5.0"},6.5]
["Abacate",2,0.5,{"v":2.75,"d":"2.8"},{"v":5,"d":"5.0"},5.5]
["Sorgo",1,{"v":3,"d":"3.0"},{"v":3,"d":"3.0"},{"v":3,"d":"3.0"},{"v":3,"d":"3.0"}]
["Feijao",2,{"v":1,"d":"1.0"},1.5,{"v":2,"d":"2.0"},{"v":3,"d":"3.0"}]
["Tomate envarado",2,0.4,1.2,{"v":2,"d":"2.0"},2.4]
["Horta domestica",4,0.1,0.4,{"v":1,"d":"1.0"},1.6]
["Alface",5,0.1,{"v":0.24,"d":"0.2"},0.5,1.2]
["Outros viveiros",1,{"v":1,"d":"1.0"},{"v":1,"d":"1.0"},{"v":1,"d":"1.0"},{"v":1,"d":"1.0"}]
["Batata-inglesa (ou batata, ou batatinha)",1,{"v":1,"d":"1.0"},{"v":1,"d":"1.0"},{"v":1,"d":"1.0"},{"v":1,"d":"1.0"}]
["Cebola",1,0.7,0.7,0.7,0.7]
["Berinjela",3,0.1,{"v":0.17,"d":"0.2"},0.2,0.5]
["Cenoura",1,0.5,0.5,0.5,0.5]
["Pessego",1,0.4,0.4,0.4,0.4]
["Maca",1,0.4,0.4,0.4,0.4]
["Pimentao",1,0.4,0.4,0.4,0.4]
["Couve (ou couve-crespa)",2,0.1,{"v":0.15,"d":"0.2"},0.2,0.3]
["Beterraba",2,0.1,{"v":0.15,"d":"0.2"},0.2,0.3]
["Capim-jaragua",1,0.3,0.3,0.3,0.3]
["Chicoria (ou chicoria-de-folha-crespa)",2,0.1,{"v":0.15,"d":"0.2"},0.2,0.3]
["Alho",1,0.2,0.2,0.2,0.2]
["Pimenta",2,0.1,0.1,0.1,0.2]
["Brocolos (ou brocolis)",1,0.2,0.2,0.2,0.2]
["Chuchu",1,0.1,0.1,0.1,0.1]
["Cebolinha",1,0.1,0.1,0.1,0.1]
["Abobora (ou jerimum)",1,0.1,0.1,0.1,0.1]
["Mandioca",1,0.1,0.1,0.1,0.1]
["Fonte: Secretaria de Agricultura e Abastecimento, CDRS/IEA, Projeto LUPA."]